000 00310nam a2200133Ia 4500
008 220204s9999 xx 000 0 und d
082 _a633.72
_bHAR
100 _aHARLER, C R
245 0 _aTea growing
260 _aLondon
_bOxford
_c1966
490 _aOxford tropical handbooks
650 _aTea
942 _cBK
999 _c21133
_d21133